000 00607nam a2200229Ia 4500
003 OSt
005 20220928115655.0
006 a|||||r|||| 00| 0
007 ta
008 220927b |||||||| |||| 00| 0 eng d
024 _a27605
037 _cTextual
040 _aSDCL
_cSDCL
_beng
041 _2eng
_aeng
082 _aG:68:f3, N6
100 _aAlcamo I Edward
_9445484
245 0 _aDNA technology the awesome skill.
260 _aBogota
_bWc C Brown Publishers
_c1996
300 _axi,304p
_ccm.
942 _hG:68:f3, N6
_cTEXL
_2CC
999 _c760420
_d760420